000 00612nam a2200253Ia 4500
003 OSt
005 20220912152006.0
006 a|||||r|||| 00| 0
007 ta
008 220909b |||||||| |||| 00| 0 eng d
024 _a62417
037 _cTextual
040 _aCSL
_beng
_cCSL
041 _aeng
082 _aL:6:I, K9
100 _aManhas M S
245 0 _aSynthesis of penicillin cephalosporinc and analogs
260 _c1969
300 _ap.
_ccm.
650 _aMedicine
700 _a Bose A K
942 _hL:6:I, K9
_cTEXL
_2CC
999 _c78834
_d78834